[Event "73rd Tata Steel GMC"]
[Site "Wijk aan Zee NED"]
[Date "2011.01.23"]
[Round "8"]
[White "Tania, Sachdev"]
[Black "De Jong, Jan-Willem"]
[Result "1-0"]
[WhiteTitle "IM"]
[BlackTitle "IM"]
[WhiteElo "2391"]
[BlackElo "2437"]
[WhiteFideId "5007844"]
[BlackFideId "1008641"]
[EventDate "2011.01.14"]

1. d4 Nf6 2. c4 e6 3. Nf3 d5 4. Nc3 dxc4 5. Qa4+ c6 6. Qxc4 b5 7. Qd3 Nbd7 8. e4
b4 9. Na4 Qa5 10. b3 c5 11. Be3 Bb7 12. Nd2 cxd4 13. Bxd4 Be7 14. f3 O-O 15. Rc1
Rfc8 16. Nc4 Qd8 17. Be2 Bc6 18. Nab2 Bb5 19. O-O Nc5 20. Qe3 Qf8 21. Rc2 Rd8
22. Rd1 Rac8 23. Kh1 a6 24. Rdc1 Nfd7 25. Qf2 Nb7 26. Rd1 Nf6 27. Rcd2 h6 28.
Qf1 Nd7 29. e5 Qe8 30. Be3 Nb8 31. Nd6 Nxd6 32. exd6 Bf6 33. Bb6 Bxe2 34. Qxe2
Rd7 35. Nc4 Rb7 36. Qe4 Qd7 37. Bc7 Rbxc7 38. dxc7 Qxc7 39. Nd6 Bc3 40. Nxc8
Bxd2 41. Ne7+ Kf8 42. Qd4 Bf4 43. Nc8 Nc6 44. Qc5+ Ke8 45. Nd6+ Bxd6 46. Rxd6 1-0

[Event "73rd Tata Steel GMC"]
[Site "Wijk aan Zee NED"]
[Date "2011.01.23"]
[Round "8"]
[White "Bok, Benjamin"]
[Black "Bluvshtein, Mark"]
[Result "1-0"]
[WhiteTitle "IM"]
[BlackTitle "GM"]
[WhiteElo "2453"]
[BlackElo "2590"]
[WhiteFideId "1017063"]
[BlackFideId "2603608"]
[EventDate "2011.01.14"]

1. e4 d6 2. d4 Nf6 3. Nc3 g6 4. g3 Bg7 5. Bg2 O-O 6. Nge2 e5 7. h3 c6 8. a4 a5
9. O-O Na6 10. Be3 Nb4 11. f4 Qc7 12. g4 b6 13. f5 Nd7 14. d5 Ba6 15. dxc6 Qxc6
16. g5 f6 17. h4 Nc5 18. Rf2 Rad8 19. Ng3 Qe8 20. h5 Bc8 21. hxg6 hxg6 22. gxf6
Bxf6 23. Qg4 Bg7 24. Raf1 Qf7 25. Qg5 Qf6 26. fxg6 Qxg5 27. Bxg5 Rd7 28. Nf5 Re8
29. Bh3 Ne6 30. Nh6+ Kh8 31. Bxe6 Rxe6 32. Rf8+ Bxf8 33. Rxf8+ Kg7 34. Rg8# 1-0

[Event "73rd Tata Steel GMC"]
[Site "Wijk aan Zee NED"]
[Date "2011.01.23"]
[Round "8"]
[White "Siebrecht, Sebastian"]
[Black "Van Kampen, Robin"]
[Result "1-0"]
[WhiteTitle "GM"]
[BlackTitle "IM"]
[WhiteElo "2439"]
[BlackElo "2443"]
[WhiteFideId "4609352"]
[BlackFideId "1020854"]
[EventDate "2011.01.14"]

1. d4 Nf6 2. c4 g6 3. Nc3 Bg7 4. e4 d6 5. h3 O-O 6. Nf3 e5 7. d5 a5 8. Bg5 Na6
9. Nd2 Qe8 10. g4 Nd7 11. a3 Nb6 12. Be3 Bd7 13. b3 Nc5 14. b4 Nca4 15. Nxa4
Nxa4 16. Qc2 axb4 17. axb4 f5 18. gxf5 gxf5 19. Nf3 Nb6 20. Rc1 Ra3 21. Bd3 Nc8
22. Ng5 Ne7 23. c5 f4 24. Bd2 Qh5 25. Rg1 h6 26. cxd6 cxd6 27. Qc7 hxg5 28. Qxd7
Rxd3 29. Qxe7 Qf3 30. Rc7 Qxe4+ 31. Kf1 Bh6 32. Qe6+ 1-0

[Event "73rd Tata Steel GMC"]
[Site "Wijk aan Zee NED"]
[Date "2011.01.23"]
[Round "8"]
[White "Van Der Werf, Mark"]
[Black "Vocaturo, Daniele"]
[Result "0-1"]
[WhiteTitle "IM"]
[BlackTitle "GM"]
[WhiteElo "2439"]
[BlackElo "2570"]
[WhiteFideId "1000470"]
[BlackFideId "813192"]
[EventDate "2011.01.14"]

1. c4 Nf6 2. g3 e6 3. Bg2 d5 4. Nf3 Be7 5. O-O O-O 6. b3 b6 7. Bb2 Bb7 8. e3 c5
9. Nc3 dxc4 10. bxc4 Qc8 11. Qe2 Rd8 12. d3 Nc6 13. Rfd1 Na5 14. Rab1 Ne8 15.
Ba1 Bf6 16. h4 h6 17. g4 g6 18. g5 hxg5 19. hxg5 Bg7 20. Nh2 Bxg2 21. Kxg2 Qb7+
22. f3 f5 23. gxf6 Nxf6 24. Rg1 Nc6 25. Nd1 Nh5 26. Bxg7 Qxg7 27. Kf1 Rf8 28.
Nf2 Rf5 29. Ne4 Raf8 30. Qg2 Ne5 31. Ke2 Kh8 32. Rgf1 Nc6 33. Kd2 Rd8 34. Rb3
Na5 35. Rc3 Nxc4+ 36. Ke2 Nd6 37. Rc2 Rd5 38. Rg1 Rxd3 39. Kxd3 Nxe4+ 40. Kc4
Qd7 0-1

[Event "73rd Tata Steel GMC"]
[Site "Wijk aan Zee NED"]
[Date "2011.01.23"]
[Round "8"]
[White "Pruijssers, Roeland"]
[Black "Kazhgaleyev, Murtas"]
[Result "1/2-1/2"]
[WhiteTitle "IM"]
[BlackTitle "GM"]
[WhiteElo "2484"]
[BlackElo "2637"]
[WhiteFideId "1013068"]
[BlackFideId "13700316"]
[EventDate "2011.01.14"]

1. e4 e5 2. Nf3 Nc6 3. Bc4 Bc5 4. b4 Bxb4 5. c3 Be7 6. d4 Na5 7. Be2 d6 8. Qa4+
c6 9. dxe5 dxe5 10. Nxe5 Nf6 11. O-O b5 12. Qc2 O-O 13. Bf4 Be6 14. Nd2 Nd7 15.
Nef3 Bg4 16. a4 a6 17. axb5 axb5 18. h3 Bh5 19. g4 Bg6 20. Nd4 Nf6 21. Nf5 Re8
22. Rad1 Qb6 23. Bg3 Bf8 24. e5 Nd5 25. Bd3 Nb7 26. Ne4 Ra3 27. Qb2 Nc5 28. Nxc5
Qxc5 29. Nd6 Rea8 30. Bxg6 hxg6 31. Ne4 Qb6 32. Ra1 Nxc3 33. Nxc3 Qd4 34. Rxa3
Rxa3 35. Rd1 Qxc3 36. Qxc3 Rxc3 37. Rd8 b4 38. Kg2 c5 39. Bh4 b3 40. Be7 b2 41.
Rxf8+ Kh7 42. Rb8 Rc2 43. Rb7 Kg8 44. Rb8+ Kh7 45. Rb7 Kg8 46. Bd8 c4 47. Ba5 g5
48. Rb8+ Kh7 49. Rb6 Kg8 50. Rb8+ Kh7 51. Rb7 Kg8 52. Rb8+ 1/2-1/2

[Event "73rd Tata Steel GMC"]
[Site "Wijk aan Zee NED"]
[Date "2011.01.23"]
[Round "8"]
[White "Lahno, Kateryna"]
[Black "Swiercz, Dariusz"]
[Result "1/2-1/2"]
[WhiteTitle "GM"]
[BlackTitle "GM"]
[WhiteElo "2518"]
[BlackElo "2540"]
[WhiteFideId "14109336"]
[BlackFideId "1126881"]
[EventDate "2011.01.14"]

1. d4 d5 2. c4 e6 3. Nc3 Bb4 4. e3 c5 5. a3 Bxc3+ 6. bxc3 Nc6 7. cxd5 exd5 8.
Bd3 Nge7 9. Ne2 Bf5 10. Bxf5 Nxf5 11. dxc5 O-O 12. O-O Rc8 13. Nf4 Nfe7 14. Rb1
Rc7 15. Qa4 Qd7 16. e4 dxe4 17. Qxe4 Re8 18. Re1 Rcc8 19. Be3 Nf5 20. Qd5 Rcd8
21. Qxd7 Rxd7 22. Bd4 Rxe1+ 23. Rxe1 f6 24. Ne2 Nfxd4 25. cxd4 Nxd4 26. Nxd4
Rxd4 27. f3 Kf7 28. Kf2 Rd2+ 29. Kg3 Rb2 30. Re4 Rb5 31. Rc4 a5 32. h4 Ke6 1/2-1/2